Encuentro de la Juventud de América Latina y el Caribe: [resumen del documento final]

Guardado en:
Bibliografiske detaljer
Institution som forfatter: Federación Mundial de la Juventud Demócratica
Format: Texto
Udgivet: Budapest: FMJD
Tags: Tilføj Tag
Ingen Tags, Vær først til at tagge denne postø!

MARC

LEADER 00000 a a2200000 04500
001 14541
003
040
090 |a 014500  
110 |a Federación Mundial de la Juventud Demócratica  
245 |a Encuentro de la Juventud de América Latina y el Caribe: [resumen del documento final]  
260 |a Budapest:   |b FMJD  
300 |a s. p.  
999 |c 14662  |d 14662